Les buteurs de l'Allemagne au Championnat d'Europe de football 2016 - Statistiques

Statistiques générales
  • Ce quiz a été pris 18 fois
  • Le résultat moyen est 4 sur 7
Statistiques - réponses
Match Minute Buteur % Correct
Irlande du Nord - Allemagne 0-1 30' Mario Gómez
93%
Allemagne - Slovaquie 3-0 43' Mario Gómez
93%
Allemagne - Slovaquie 3-0 8' Jérôme Boateng
73%
Allemagne - Ukraine 2-0 90+2' Bastian Schweinsteiger
40%
Allemagne - Italie 1-1 (ap) (6-5 Tirs au but) 78' Mesut Özil
33%
Allemagne - Slovaquie 3-0 63' Julian Draxler
27%
Allemagne - Ukraine 2-0 19' Shkodran Mustafi
20%
Aucun quiz correspondant
Distribution des résultats
% des personnes avec chaque résultat
Percentile par nombre de réponses
Votre historique - résultats
Vous n’avez pas pris ce quiz